00677nam a2200181 a 450000100100000000500170001000800410002704000250006808200150009311000910010824000170019924500530021626000670026930000200033604900090035695201130036599900170047800001719120200929165037.0100319s1957 dr 000 0 spa d aDO-SdBNPbspacBNPHU axxxbL681r1 aRepública DominicanabSecretaría de Estado de Relaciones Exteriores y Culto93782713a[Leyes etc.]10aLey y reglamentos de la orden Cristobal Colón. aCiudad Trujillo, República Dominicana :bArte y Cine,c1957. a14 p. ;c23 cm. aBNPD 0010718PDaPDbPDcCTd2010-03-19iLF1l0oxxx L681rp17191-10r2020-06-25w2020-06-25yLFPDZNo se presta c16717d16717